MDQL
is popping MORE tags! Check the
thread
!
Quizzes
Events
Quiz Creation
Community
Videos
Private Events
Remove Ads
Sign In
Join for FREE
Feedback
Dark Mode
Quiz Categories
Sports
Geography
Music
Movies
Television
Just For Fun
Miscellaneous
History
Literature
Language
Science
Gaming
Entertainment
Religion
Holiday
For Kids
Quiz Lab
Recent
Popular Today
Quiz Kudos Today
Editor Picks
Curator Picks
Quizzes by...
Day
Popularity
Type
Ratings
Length
Year
Community
Subscriptions
Recent Discussions
Orange Saloon
Badges
Playlists
Quests
Create
Leaderboards
Showdown
Live 5
Trivia Bingo
Activity
Puzzle Library
Sporcle Events
Private Events
Virtual Trivia
Globe League
Become a Host
Pub Owners
SporcleCon
Opinionation
Our Games
Videos
Blog
Mobile Apps
Partnerships
Remove Ads and Go Orange
Feedback
Miscellaneous
Crossword
General Knowledge
Baby Names
Logo
Food
Cars
Numbers
Grab Bag
University
College
Popular
Company
Slogans
Restaurants
Justice
Letter
Miscellaneous
Crossword
General Knowledge
Baby Names
Logo
Food
Cars
Numbers
Grab Bag
University
College
Popular
Company
Slogans
Restaurants
Justice
Letter
Random Quiz
Search Sporcle
×
Quiz Lab
Quiz Lab
Miscellaneous
United States
Type in answers that appear in a list
Type in answers that appear in a list
Classic
Best Score? Go Orange.
Monthly Google Searches Stats
Can you name the breakout Google search terms in the USA for each month?
By
moraine
10m
70 Questions
121 Plays
121 Plays
121 Plays
Comments
Comments
Give Quiz Kudos
Give Quiz Kudos
-
- Ratings
hide this ad
More Info
Replay
Link that replays current quiz
Next Quiz
Link to next quiz in quiz playlist
You Got
0%
They Got
Avg Score
5%
Avg Friend Score
Upgrade to see
Score Distribution
Jump to the score distribution portion of the page
Score
0/70
Timer
10:00
0
Plays Today
Month
Search term
% Correct
August 2005
hurricane katrina
52.9%
February 2004
superbowl halftime
37.2%
November 2004
election results
33.1%
November 2006
election results
33.1%
January 2008
heath ledger
25.6%
August 2008
sarah palin
24%
June 2006
2006 world soccer
22.3%
April 2009
swine flu
20.7%
December 2007
jamie lynn spears
14.9%
January 2005
martin luther king
10.7%
December 2008
christmas
10.7%
September 2009
patrick swayze
9.9%
January 2009
inauguration
8.3%
October 2004
red sox
7.4%
February 2009
michael phelps
7.4%
August 2009
ted kennedy
7.4%
March 2004
ncaa brackets
5%
September 2005
hurricane rita
5%
March 2006
ncaa tournament
5%
March 2009
ncaa bracket
5%
December 2004
world aids day
4.1%
September 2008
ike
4.1%
June 2009
david carradine
4.1%
June 2005
natalee holloway
3.3%
March 2008
spitzer
3.3%
April 2004
gmail
2.5%
June 2004
paul johnson
2.5%
September 2004
hurricane ivan
2.5%
November 2005
black friday
2.5%
February 2006
torino games
2.5%
January 2007
iphone
2.5%
November 2007
black friday
2.5%
November 2008
black friday ads
2.5%
November 2009
black friday
2.5%
July 2004
tour de france
1.7%
Month
Search term
% Correct
August 2004
hurricane charley
1.7%
October 2005
hurricane wilma
1.7%
August 2006
mac-ad
1.7%
September 2006
steve irwin
1.7%
February 2005
valentines day
0.8%
March 2005
vincent van gogh
0.8%
April 2005
leonardo da vinci
0.8%
July 2005
hurricane dennis
0.8%
February 2007
antonella barba
0.8%
May 2007
memorial day
0.8%
June 2007
chris benoit
0.8%
June 2008
tim russert
0.8%
May 2009
carrie prejean
0.8%
July 2009
steve mcnair
0.8%
May 2004
sasser
0%
May 2005
national teacher day
0%
December 2005
king kong
0%
January 2006
louis braille birthdate
0%
April 2006
joan miro
0%
May 2006
david blaine
0%
July 2006
reichen lehmkuhl
0%
October 2006
line rider
0%
December 2006
miss nevada
0%
March 2007
pet food recall
0%
April 2007
yuri gagarin
0%
July 2007
british open
0%
August 2007
lunar eclipse
0%
September 2007
vanessa hudgens
0%
October 2007
sputnik anniversary
0%
February 2008
lunar eclipse
0%
April 2008
earth day
0%
May 2008
walter gropius
0%
July 2008
marc chagall
0%
October 2008
jennifer hudson
0%
October 2009
paranomal activity
0%
Quiz Playlist
Details
Report
Send in Message
Add To Playlist
More Info:
Breakout search terms are terms that increased rapidly compared to the previous month. So, think: big news stories and seasonal events!
Classic:
Type in answers that appear in a list
Last Updated: Feb 16, 2017
Quiz Scoreboard
CHALLENGE
Sign Up to Join the Scoreboard
Show All
Scores
Hide
Comments
May contain spoilers
Recently Published
1-10 Letter E Words III
by El_Dandy
Language
2m
Street Fighter Characters
by Artimus82
Gaming
60s
College Basketball Coaching Resumes
by pancakes188
Sports
9m
More to Explore
Quiz From the Vault
Featured Blog Post
Where Did the Easter Bunny Come From?
hide this ad
You Might Also Like...
Tags
United States Quiz
breakout
google
month
search
Term
Today's Top Quizzes in Miscellaneous
Browse Miscellaneous
hide this ad
Today's Top Quizzes in United States
Browse United States
Top Contributed Quizzes in Miscellaneous
1
5-to-1: Fast Food
2
The JOE quick-fire general knowledge quiz: Day 174
3
The JOE quick-fire general knowledge quiz: Day 173
4
5-to-1: Cocktails
5
The JOE quick-fire general knowledge quiz: Day 172
6
9x9 Crossword: Disney Movie Titles
7
9x9 Crossword: Charlie and the Chocolate Factory
8
Sunday Crossword: Famous Bodies of Water
9
The JOE quick-fire general knowledge quiz: Day 171
10
9x9 Crossword: Flags
Explore More
Trending Topics
Disney
Kpop
NBA
Harry Potter
Anime
Crossword
Marvel
NFL
Pokémon
Puzzle
Song
Country
Soccer
The Office
WWE
hide this ad
More By:
moraine
Quiz
Plays
Rating
Category
Featured
Created
Canadian municipalities
666
4.43
Geography
Nov 27, 2009
Canadian cities A-Z
546
4.55
Geography
Dec 18, 2009
Canadian Political Parties
488
4.38
History
Dec 6, 2009
30 Seconds in 60 seconds
435
2.78
Miscellaneous
Dec 4, 2009
Multi-word Canadian cities
209
2.71
Geography
Dec 21, 2009
Go to Creator's Profile
Score Distribution
Quiz Creator Spotlight
moraine
Follow
Send a Message
Quizzes Created
-
Created Quiz Play Count
-
More By This Creator
Popular Quizzes Today
1
Find the US States - No Outlines Minefield
2
Find the Countries of Europe - No Outlines Minefield
3
The Countries of the World
4
Find the US States
5
Risky Map Clicking: Biggest States A-Z
6
US States
7
Popular People in 1961
8
Movies - When Are They Set?
More Miscellaneous Quizzes
Famous Paintings - What's Missing?
Editor's Pick
Trending Quizzes
Risky Map Clicking: Least Populous States A-Z
Billboard Blitz: Aretha Franklin
1-10 Letter G Words
Countries of the World: 200 Million BC
1-10 Letter F Words
Recently Updated
Leaping Animals
pecheneg
Reality TV Shows (A-Z)
bhenderson79
Rickey Henderson's Hall of Fame Teammates
pecheneg
Champions League XIs: Arsenal
pecheneg
Quick Pick: Celebrities in WWE's Hall of Fame
aduchscher
A-Z Keypad Blitz II
pecheneg
Multiple Oscar Actors
pecheneg
Mystery Phrase Blitz: Oscar 'Best Actors'
pecheneg
F. Scott Fitzgerald Novels
LTH
Pick 3 Villains
ddd62291
Trending Topics
Anime
Crossword
Kpop
Harry Potter
NBA
Marvel
Disney
Pokémon
Country
Puzzle
Song
NFL
The Office
WWE
Soccer
Your Account Isn't Verified!
In order to create a playlist on Sporcle, you need to verify the email address you used during registration. Go to your
Sporcle Settings
to finish the process.
Report this User
Report this user for behavior that violates our
Community Guidelines
.
Details:
Send Report
Go to the Sporcle.com Mobile Site →
Comments